| 000 | 01246cam a2200313 i 4500 | ||
|---|---|---|---|
| 001 | 768714001 | ||
| 003 | CO-MdFUSB | ||
| 005 | 20230608111033.0 | ||
| 008 | 230608b ||||| |||| 00| 0 eng d | ||
| 020 | _a84-7228-855-2 | ||
| 040 |
_bspa. _aCO-MdFUSB _cCO-MdFUSB _dCO-MdFUSBC _erda |
||
| 041 | _aspa | ||
| 082 | 0 | 4 |
_a231.32 _222 _bS6131a |
| 100 | 1 |
_aSimpson, A. B. _eautor |
|
| 245 | 1 | 0 |
_aAndando en el Espíritu _b : El Espíritu Santo en la experiencia cristiana _c/ A. B. Simpson ; Eliseo Vila, Traductor |
| 264 | 1 |
_aTerrassa, Barcelona, España : _bClie, _c[1984] |
|
| 264 | 4 | _c©1984 | |
| 300 |
_a157 páginas _c; 20 cm. |
||
| 336 |
_atexto _btxt _2rdacontent |
||
| 337 |
_2rdamedia _asin mediación _bn |
||
| 338 |
_2rdacarrier _avolumen _bnc |
||
| 505 | _aViviendo en el Espíritu -- La persona de los atributos del Espíritu Santo --- Misión o cargos y relaciones del Espíritu Santo -- El Espíritu de sanidad -- El Espíritu de vida -- El Espíritu de amor -- El Espíritu de oración -- Cooperando con el Espíritu Santo... | ||
| 563 | _arústica. | ||
| 650 | 1 | 0 |
_aEspíritu Santo _950 |
| 650 | 1 | 0 |
_aVida espiritual _951 |
| 700 |
_94770 _aVila, Eliseo, _etraductor |
||
| 942 | _cBK | ||
| 945 |
_aAEM-53 _bRevisión, 08/06/2023 |
||
| 999 |
_c34146 _d34146 |
||